Welcome to the Holygrace Academy Library

Please use search bar below to get started

THE AMAZING STORY OF ADOLPHUS TIPS (Record no. 8983)

MARC details
000 -LEADER
fixed length control field 00396nam a22001457a 4500
020 ## - INTERNATIONAL STANDARD BOOK NUMBER
ISBN 978-0-00-794233-6
082 ## - DEWEY DECIMAL CLASSIFICATION NUMBER
Classification number 823
Item number MOR/A
100 ## - MAIN ENTRY--AUTHOR NAME
Personal name MORPURGO,MICHAEL
245 ## - TITLE STATEMENT
Title THE AMAZING STORY OF ADOLPHUS TIPS
246 ## - VARYING FORM OF TITLE
Title proper/short title THE AMAZING STORY OF ADOLPHUS TIPS
Remainder of title THE AMAZING STORY OF ADOLPHUS TIPS
260 ## - PUBLICATION, DISTRIBUTION, ETC. (IMPRINT)
Place of publication U K
Name of publisher HARPER COLLINS
Year of publication 2005
300 ## - PHYSICAL DESCRIPTION
Number of Pages 190
650 ## - SUBJECT ADDED ENTRY--TOPICAL TERM
Topical Term ENGLISH STORY
942 ## - ADDED ENTRY ELEMENTS (KOHA)
Koha item type Books
Holdings
Withdrawn status Lost status Collection code Home library Current library Shelving location Date acquired Source of acquisition Cost, normal purchase price Full call number Accession Number Koha item type
    Fiction Main Library Main Library NEW SHELF WITH NEW ENTRY 16/11/2024 PURCHASED 250.00 823 MOR/A 13779 Books